| 000 | 00403pab a2200157 454500 | ||
|---|---|---|---|
| 008 | 180718b1998 xxu||||| |||| 00| 0 eng d | ||
| 100 | _aSingh, Narendar | ||
| 245 | _aChinese armed forces | ||
| 260 | _c1998 | ||
| 300 | _ap.587-608 | ||
| 362 | _aOct-Dec | ||
| 650 | _aChina - Armed forces | ||
| 650 | _aArmed forces | ||
| 773 | _aJournal of the United Service Institutions of India | ||
| 909 | _a39905 | ||
| 999 |
_c39905 _d39905 |
||